L'assainissement de l'économie japonaise.
Vývoj japonského hospodárstva v 70. a 80. rokoch poznamenaný rozmachom. Sústredenie na domácu ponuku pomáha špekuláciám. Vyrovnanie sporenia a investícií. Vývoj úrokovej miery štátnych obligácií od r. 1980. Rýchly hospodársky rast viedol k zníženiu platobného dolárového prebytku. (La lettre du CEPII...
Enregistré dans:
| Format: | Chapitre de livre |
|---|---|
| Langue: | français |
| Sujets: | |
| Tags: |
Pas de tags, Soyez le premier à ajouter un tag!
|
MARC
| LEADER | 00000naa a2200000 4500 | ||
|---|---|---|---|
| 001 | r004545 | ||
| 005 | 20221125091615.2 | ||
| 041 | 0 | |a fre | |
| 044 | |a FR | ||
| 245 | 1 | 0 | |a L'assainissement de l'économie japonaise. |
| 520 | |a Vývoj japonského hospodárstva v 70. a 80. rokoch poznamenaný rozmachom. Sústredenie na domácu ponuku pomáha špekuláciám. Vyrovnanie sporenia a investícií. Vývoj úrokovej miery štátnych obligácií od r. 1980. Rýchly hospodársky rast viedol k zníženiu platobného dolárového prebytku. (La lettre du CEPII 1991, č.93.). | ||
| 610 | 2 | 0 | |a vývoj hospodársky |
| 610 | 2 | 0 | |a Japonsko |
| 610 | 2 | 0 | |a 1970-1990 |
| 610 | 2 | 0 | |a rast hospodársky |
| 610 | 2 | 0 | |a investície |
| 610 | 2 | 0 | |a úspory |
| 610 | 2 | 0 | |a miera úroková |
| 610 | 2 | 0 | |a obligácie |
| 610 | 2 | 0 | |a bilancia platobná |